| 000 | 00469nam a2200181Ia 4500 | ||
|---|---|---|---|
| 008 | 220726s9999||||xx |||||||||||||| ||und|| | ||
| 020 | _a9788122434156 | ||
| 082 | _a610 | ||
| 082 | _bBan/O | ||
| 100 | _aBansal, Raj K. & Bansal, Rajeev V. | ||
| 245 | 0 | _aBansal- Organic Chemistry: Problems and Solutions: 3rd Edition | |
| 250 | _aReprint | ||
| 260 | _aNew Delhi | ||
| 260 | _bNew Age International Publishers | ||
| 260 | _c2020 | ||
| 300 | _a486 | ||
| 942 | _cPB | ||
| 999 |
_c35936 _d35936 |
||